000
00293nam a22001217a 4500
008
160421b xxu||||| |||| 00| 0 eng d
020
_a
9780803608832
020
_a
0803608837
041
_a
eng
080
_a
618.2
245
_a
Nursing health assessment:
_c
Patricia M. Dillon;
942
_2
udc
_c
BK
999
_c
1490
_d
1490